Smart choice : (Record no. 29353)
[ view plain ]
| 000 -LEADER | |
|---|---|
| fixed length control field | 01159cam a2200325 a 4500 |
| 001 - CONTROL NUMBER | |
| control field | 15898307 |
| 003 - CONTROL NUMBER IDENTIFIER | |
| control field | EG-ScBUE |
| 005 - DATE AND TIME OF LATEST TRANSACTION | |
| control field | 20210919154855.0 |
| 008 - FIXED-LENGTH DATA ELEMENTS--GENERAL INFORMATION | |
| fixed length control field | 090908s2007 nyua f 000 0 eng d |
| 020 ## - INTERNATIONAL STANDARD BOOK NUMBER | |
| International Standard Book Number | 9780194305976 (pbk.) |
| 040 ## - CATALOGING SOURCE | |
| Original cataloging agency | DLC |
| Language of cataloging | eng |
| Description conventions | rda |
| Transcribing agency | DLC |
| Modifying agency | DLC |
| -- | EG-ScBUE |
| 082 04 - DEWEY DECIMAL CLASSIFICATION NUMBER | |
| Classification number | 428.24071073 |
| Item number | WIL |
| Edition number | 22 |
| 100 1# - MAIN ENTRY--PERSONAL NAME | |
| Personal name | Wilson, Ken, |
| Dates associated with a name | 1947 August 5- |
| Relator term | author. |
| 245 10 - TITLE STATEMENT | |
| Title | Smart choice : |
| Remainder of title | workbook / |
| Statement of responsibility, etc | Ken Wilson, Tim Falla, Paul A. Davies. |
| 264 #1 - PUBLICATION, DISTRIBUTION, ETC. (IMPRINT) | |
| Place of publication, distribution, etc | New York, NY : |
| Name of publisher, distributor, etc | Oxford University Press, |
| Date of publication, distribution, etc | 2007. |
| 300 ## - PHYSICAL DESCRIPTION | |
| Extent | 3 volumes : |
| Other physical details | illustrations ; |
| Dimensions | 30 cm |
| 336 ## - CONTENT TYPE | |
| Source | rdacontent |
| Content type term | text |
| Content type code | txt |
| 337 ## - MEDIA TYPE | |
| Source | rdamedia |
| Media type term | unmediated |
| Media type code | n |
| 338 ## - CARRIER TYPE | |
| Source | rdacarrier |
| Carrier type term | volume |
| Carrier type code | nc |
| 505 0# - FORMATTED CONTENTS NOTE | |
| Formatted contents note | Workbook 1 -- Workbook 2 -- Work book 3. |
| 650 #7 - SUBJECT ADDED ENTRY--TOPICAL TERM | |
| Topical term or geographic name as entry element | English language |
| General subdivision | Study and teaching |
| -- | Foreign speakers. |
| Source of heading or term | BUEsh |
| 653 ## - INDEX TERM--UNCONTROLLED | |
| Resource For college | Humanities: English |
| Arrived date list | September2021 |
| Uncontrolled term | BUEsh |
| 655 ## - INDEX TERM--GENRE/FORM | |
| Form subdivision | Reading book |
| 9 (RLIN) | 34232 |
| 700 1# - ADDED ENTRY--PERSONAL NAME | |
| Personal name | Falla, Tim, |
| Relator term | author. |
| 9 (RLIN) | 28420 |
| 700 1# - ADDED ENTRY--PERSONAL NAME | |
| Personal name | Davies, Paul A., |
| Relator term | author. |
| 906 ## - LOCAL DATA ELEMENT F, LDF (RLIN) | |
| a | 7 |
| b | cbc |
| c | origres |
| d | 2 |
| e | ncip |
| f | 20 |
| g | y-gencatlg |
| 942 ## - ADDED ENTRY ELEMENTS (KOHA) | |
| Source of classification or shelving scheme | Dewey Decimal Classification |
| Koha item type | Book - Borrowing |
| Withdrawn status | Lost status | Source of classification or shelving scheme | Damaged status | Not for loan | Collection code | Home library | Current library | Shelving location | Date acquired | Source of acquisition | Total Checkouts | Full call number | Barcode | Date last seen | Price effective from | Koha item type | Public note |
|---|---|---|---|---|---|---|---|---|---|---|---|---|---|---|---|---|---|
| Dewey Decimal Classification | Donation-Gift | Central Library | Central Library | Second Floor | 11/08/2021 | Donation | 428.24071073 WIL | 000050520 | 15/07/2025 | 11/08/2021 | NB - Book (Non borrowing) | 1 | |||||
| Dewey Decimal Classification | Donation-Gift | Central Library | Central Library | Second Floor | 11/08/2021 | Donation | 428.24071073 WIL | 000050521 | 15/07/2025 | 11/08/2021 | Book - Borrowing | 1 | |||||
| Dewey Decimal Classification | Donation-Gift | Central Library | Central Library | Second Floor | 11/08/2021 | Donation | 428.24071073 WIL | 000050522 | 15/07/2025 | 11/08/2021 | Book - Borrowing | 1 | |||||
| Dewey Decimal Classification | Donation-Gift | Central Library | Central Library | Second Floor | 11/08/2021 | Donation | 428.24071073 WIL | 000050523 | 15/07/2025 | 11/08/2021 | NB - Book (Non borrowing) | 2 | |||||
| Dewey Decimal Classification | Donation-Gift | Central Library | Central Library | Second Floor | 11/08/2021 | Donation | 428.24071073 WIL | 000050524 | 15/07/2025 | 11/08/2021 | Book - Borrowing | 2 | |||||
| Dewey Decimal Classification | Donation-Gift | Central Library | Central Library | Second Floor | 11/08/2021 | Donation | 428.24071073 WIL | 000050525 | 15/07/2025 | 11/08/2021 | NB - Book (Non borrowing) | 3 | |||||
| Dewey Decimal Classification | Donation-Gift | Central Library | Central Library | Second Floor | 11/08/2021 | Donation | 428.24071073 WIL | 000050526 | 15/07/2025 | 11/08/2021 | Book - Borrowing | 3 |